Algebra Moderna/ (Registro nro. 8680)

Detalles MARC
000 -LEADER
fixed length control field 00908nam a2200205Ia 4500
005 - FECHA Y HORA DE LA ÚLTIMA TRANSACCIÓN
control field 20230808101547.0
008 - FIXED-LENGTH DATA ELEMENTS--GENERAL INFORMATION
fixed length control field 230725s9999 xx 000 0 und d
020 ## - INTERNATIONAL STANDARD BOOK NUMBER
International Standard Book Number 968-422-917-8
040 ## - CATALOGING SOURCE
Original cataloging agency UPAN
Transcribing agency Biblioteca San Vicente
Description conventions RCAA2
041 ## - LANGUAGE CODE
Language code of text/sound track or separate title spa
082 ## - DEWEY DECIMAL CLASSIFICATION NUMBER
Classification number 512
Item number A974a
año de publicación 1991
100 ## - MAIN ENTRY--PERSONAL NAME
Personal name Ayres, Frank,
Relator code aut.
245 #0 - TITLE STATEMENT
Title Algebra Moderna/
Statement of responsibility, etc Frank Ayres
250 ## - EDITION STATEMENT
Edition statement 1° ed.
260 ## - PUBLICATION, DISTRIBUTION, ETC. (IMPRINT)
Place of publication, distribution, etc México:
Name of publisher, distributor, etc McGraw Hill,
Date of publication, distribution, etc 1991
300 ## - PHYSICAL DESCRIPTION
Extent 245 p.;
Dimensions 24 cm.
505 ## - FORMATTED CONTENTS NOTE
Formatted contents note 1. Conjuntos<br/>2. Relaciones y operaciones<br/>3. Los numeros naturales<br/>4. Los enteros<br/>5. Algunas propiedades de los enteros <br/>6. Los numero racionales<br/>7. Los numero reales<br/>8. Los numeros complejos<br/>9. Grupos <br/>10. Anillos<br/>11. Dominio de integridad, Cuerpos <br/>12. Polinomios<br/>13. Espacios vectoriales<br/>14. Matrices<br/>15. Polinomios <br/>16. Algebras lineales<br/>17. Algebras boolianas<br/>
650 ## - SUBJECT ADDED ENTRY--TOPICAL TERM
Source of heading or term LEMB
General subdivision Algebra
942 ## - ADDED ENTRY ELEMENTS (KOHA)
Koha item type Libros
Source of classification or shelving scheme Dewey Decimal Classification
Existencias
Withdrawn status Lost status Source of classification or shelving scheme Damaged status Not for loan Collection code Home library Current library Date acquired Total Checkouts Full call number Barcode Date last seen Copy number Price effective from Koha item type
    Dewey Decimal Classification     Colección General Biblioteca UPAN San Vicente Biblioteca UPAN San Vicente 25/07/2023   512 A974a 12001479 25/07/2023 01 25/07/2023 Libros